A collection of traditional Amana recipes; (Record no. 19261)

000 -LEADER
fixed length control field 00511cam a2200145 4500
040 ## - CATALOGING SOURCE
Transcribing agency WaS
082 04 - DEWEY DECIMAL CLASSIFICATION NUMBER
Classification number 613 HEA 1997 C153 Or.
110 1# - MAIN ENTRY--CORPORATE NAME
Corporate name or jurisdiction name as entry element Homestead Welfare Club (Homestead, Iowa).
245 12 - TITLE STATEMENT
Title A collection of traditional Amana recipes;
Remainder of title family-size recipes of the foods prepared and served in the Amana villages for over a century.
300 ## - PHYSICAL DESCRIPTION
Number of Pages 120 pages :
Other physical details illustrations ;
Dimensions 23 cm.
500 ## - GENERAL NOTE
General note Cover title: Amana recipes.
650 #0 - SUBJECT ADDED ENTRY--TOPICAL TERM
Topical Term Cooking, German
650 #0 - SUBJECT ADDED ENTRY--TOPICAL TERM
Topical Term Cooking, American
942 ## - ADDED ENTRY ELEMENTS (KOHA)
Koha item type ADB
952 ## - LOCATION AND ITEM INFORMATION (KOHA)
Withdrawn status [LOCAL, KOHA] 0
Holdings
Source of acquisition Permanent Location Date acquired Koha item type Lost status Shelving location Current Location Full call number
A39318Library Block C2020-09-01សៀវភៅភាសាអង់គ្លេស C153Library Block C613 HEA 1997 C153 Or.
មជ្ឈមណ្ឌលឯការនៃសាកលវិទ្យាល័យភូមិន្ទកសិកម្មចំការដូង

Powered by Koha